| 000 | 00460nam a2200169 i 4500 | ||
|---|---|---|---|
| 001 | bg | ||
| 100 | 1 | _aSEYER, Martin D. | |
| 245 | 0 |
_aRS-232 made easy : _bconnecting, computers, printers, terminals and modems / _cMartin D. Seyer. |
|
| 260 |
_aEnglewood Cliffs : _bPrentice-Hall, _c1984. |
||
| 020 | _a0137834721 | ||
| 040 | _cBPK | ||
| 041 | _apol | ||
| 080 | _a004 | ||
| 920 | _a0-13-783472-1 | ||
| 942 | _cKS | ||
| 008 | s pl f |000 0 pol | ||
| 999 |
_c23797 _d23797 |
||
| 856 |
_uhttp://koha.tu.koszalin.pl/cgi-bin/koha/opac-detail.pl?biblionumber=23797 _yKatalog online BPK |
||